000 00516nam a22001937a 4500
003 OSt
005 20230726135329.0
008 160813s2003 cr||||| |||| 00| 0 spa d
040 _cladov
082 0 4 _a708
_bC733m
110 _9929
_aComité Cubano del ICOM
_eautor
245 _aLos Museos en Cuba/
260 _aCuba
_c1984
_bMinisterio de Cultura
300 _a38p.
_b21x26cm
653 1 0 _aARTE CONTEMPORANEO
653 1 0 _aCATALOGO
653 1 0 _aMUSEOS
942 _2ddc
_c1
_h708
_iC733m
999 _c4109
_d4109